The Fool On The Hill - The Beatles full Lyrics - Statistics

General Stats
  • This quiz has been taken 33 times
  • The average score is 166 of 216
Answer Stats
Answer % Correct
a
100%
fool,
100%
fool
100%
hill
100%
on
100%
the
100%
after
92%
alone
92%
Day
92%
day,
92%
he
92%
man
92%
an
88%
eyes
88%
is
88%
perfectly
88%
see
88%
do.
84%
still.
84%
to
84%
with
84%
and
80%
And
80%
But
80%
but
80%
head
80%
his
80%
in
80%
know
80%
'round.
80%
'round
80%
'Round
80%
'round...
80%
('round
80%
'round)
80%
sees
80%
spinning
80%
world
80%
foolish
76%
down,
72%
him,
72%
nobody
72%
sun
72%
wants
72%
going
68%
grin
68%
keeping
68%
they
68%
They
68%
just
64%
never
64%
that
64%
can
60%
loud.
60%
voices
60%
cloud,
56%
he's
56%
like
56%
seems
56%
talking
56%
thousand
56%
make,
48%
notice,
48%
or
48%
answer,
44%
of
44%
sound
44%
appears
40%
gives
40%
what
40%
hears
36%
(oh
36%
oh
36%
oh)
36%
Oh
36%
way,
36%
Well
36%
ever
32%
tell
32%
listens
28%
knows
24%
them,
24%
don't
20%
feelings,
20%
shows
20%
they're
20%
fools.
12%
No matching quizzes found
Score Distribution
Percent of People with Each Score
Percentile by Number Answered
Your Score History
You have not taken this quiz